| 000 | 01499nam a2200385 c 4500 | ||
|---|---|---|---|
| 001 | 12689 | ||
| 003 | ES-MaCES | ||
| 005 | 20251126101740.0 | ||
| 008 | 010907s2000 sp ||| | spa d | ||
| 017 |
_aM 28214-2000 _bDL |
||
| 020 | _a8445118226 | ||
| 035 | _aCES20010013318m | ||
| 040 |
_aES-MaCES _bspa _cES-MaCES |
||
| 100 | 1 |
_aTobío Soler, Constanza _924952 |
|
| 245 | 1 | 3 |
_aLa actividad laboral de las mujeres en las periferias madrileñas _b: discursos y prácticas _cConstanza Tobío, Rosario Sampedro, Mercedes Montero |
| 260 |
_a[Madrid] _bDirección General de la Mujer de la Comunidad de Madrid _bUniversidad Carlos III de Madrid _c[2000] |
||
| 300 |
_a361 p. _c22 cm |
||
| 490 | 0 |
_aPublicaciones / DGM, Dirección General de la Mujer _v17 |
|
| 541 | _cGratuito | ||
| 650 | 4 |
_atrabajadora _928413 |
|
| 650 | 4 |
_atrabajadora madre de familia _929565 |
|
| 650 | 4 |
_azona urbana _928618 |
|
| 650 | 4 |
_azona rural _928605 |
|
| 650 | 4 |
_atrabajador doméstico _928431 |
|
| 650 | 4 |
_aMadrid (Comunidad Autónoma) _930777 |
|
| 653 | 1 | 0 | _aMujer |
| 700 | 1 |
_aSampedro Gallego, Rosario _923152 |
|
| 700 | 1 |
_aMontero, Mercedes _918890 |
|
| 710 | 2 |
_aMadrid (Comunidad Autónoma) _bDirección General de la Mujer _eed. _94474 |
|
| 710 | 2 |
_aUniversidad Carlos III de Madrid _eed. _95214 |
|
| 830 | 0 |
_aPublicaciones (Madrid (Comunidad Autónoma). Dirección General de la Mujer _v17 _933675 |
|
| 902 | _aLIB Libro | ||
| 942 |
_2CES _cBK _h3.3. |
||
| 999 |
_c12689 _d12689 |
||